Normal view
MARC view
- Remote Sensing & GIS - MS Theses.
Entry Topical Term
001 - CONTROL NUMBER
- control field: 28080
003 - CONTROL NUMBER IDENTIFIER
- control field: NUST
005 - DATE AND TIME OF LATEST TRANSACTION
- control field: 20200127113432.0
008 - FIXED-LENGTH DATA ELEMENTS
- fixed length control field: 200127|| aca||aabn | a|a d
040 ## - CATALOGING SOURCE
- Original cataloging agency: NUST
- Transcribing agency: NUST
150 ## - HEADING--TOPICAL TERM
- Topical term or geographic name entry element: Remote Sensing & GIS - MS Theses.
670 ## - SOURCE DATA FOUND
- Source citation: Work cat.: (NUST): Jamil, Usman 28079, Customer and network care solutions for telecommunications using Geo-Informatics, 2012.
